Oasis-Supersonic(lyrics) - Statistics

General Stats
  • This quiz has been taken 560 times
  • The average score is 209 of 240
Answer Stats
answer % Correct
i
100%
a
99%
supersonic
99%
to
99%
you
99%
and
98%
can
98%
feeling
98%
i'm
98%
me
98%
be
97%
give
97%
my
97%
can't
96%
else
96%
gin
96%
in
96%
no
96%
on
96%
one
96%
tonic
96%
it
95%
myself
95%
need
95%
when
95%
your
95%
do
94%
but
92%
with
92%
all
91%
autograph
91%
he
91%
want
91%
BMW
90%
have
90%
how
90%
what
90%
laugh
89%
make
89%
find
88%
much
88%
ride
88%
she
88%
about
85%
call
85%
hear
85%
say
85%
submarine
85%
way
85%
yellow
85%
take
84%
tomorrow
84%
before
82%
for
82%
friend
82%
home
82%
out
82%
alone
81%
gonna
81%
him
81%
nobody
81%
tell
81%
ever
80%
see
79%
wanna
79%
yourself
79%
cause
78%
girl
78%
know
78%
she's
78%
said
77%
Elsa
76%
into
76%
one's
76%
waterfall
76%
her
75%
called
74%
got
74%
sail
73%
under
72%
sits
71%
lives
70%
makes
70%
corner
68%
helicopter
68%
doctor
67%
train
67%
the
64%
done
63%
tissue
59%
he'd
57%
sniffs
53%
finds
52%
issue
52%
cane
49%
through
49%
big
48%
sellin'
47%
Alka-Seltzer
45%
sniffin'
37%
No matching quizzes found
Score Distribution
Percent of People with Each Score
Percentile by Number Answered
Your Score History
You have not taken this quiz